Меринговский сад (Запис № 463775)

МАРК-запис
000 -Лідер
fixed length control field 00786 a2200241 4500
003 - Ідентифікатор контрольного номера
control field UA-OsUOA
005 - Дата та час останнього входження (трансакції)
control field 20201204104613.0
008 - Елементи даних фіксованої довжини – загальна інформація
fixed length control field 201109b un ||||| |||| 00| 0 rus d
020 ## - Міжнародний стандартний книжковий номер (ISBN)
Міжнародний стандартний книжковий номер (ISBN) (НП) 9657088178
040 ## - Джерело каталогізації
Агенція оригінальної каталогізації UA-OsUOA
Мова каталогізації ukr
Агенція, яка здійснювала перезапис UA-OsUOA
Агенція, яка здійснювала модифікацію UA-OsUOA
041 ## - Код мови
Код мови тексту/ звукової доріжки чи окремого заголовка (П) rus
080 ## - Індекс Універсальної десяткової класифікації
Індекс Універсальної десяткової класифікації (УДК) (НП) 821.161.1(569.4)
090 ## - Локальний шифр розміщення
Класифікаційний індекс УДК 821.161.1(569.4)
Авторський знак (НП) К90
100 ## - Основне введення – ім’я особи
Ім’я особи (НП) Кулинская Е.
245 ## - Відомості про назву
Назва (НП) Меринговский сад
Решта назви (НП) стихи
Дані про відповідальність (НП) Елена Кулинская
250 ## - Відомості про видання (редакцію)
Відомості про видання (редакцію) (НП) изд. 2, доп.
260 ## - Публікація, розповсюдження і т.п. (Вихідні дані)
Дата публікації, розповсюдження і т.п. (П) 2003
Місце публікації, розповсюдження і т.п. (П) Иерусалим
300 ## - Фізичний опис
Обсяг 104 с.
650 ## - Додаткове предметне введення – тематичний термін
Джерело заголовка чи терміна UDC
Тематичний термін чи географічна назва, як елемент введення (НП) 821 Художня література
942 ## - Додаткові елементи входу (Коха)
Тип елемента Koha Книги
Source of classification or shelving scheme Universal Decimal Classification
955 ## - Код типу видання за змістом
Код типу видання за змістом (НП) Літературно-художні видання
Фонди
Стан вилучень Стан втрат Джерело класифікації або схеми стелажів Стан уражень Не для кредиту Постійне місце розташування Поточне розміщення Дата придбання Джерело придбання Вартість, звичайна ціна покупки Повний номер виклику Штрих-код Дата останнього перегляду Вартість, ціна заміни Ціна ефективна від Тип елемента Koha Примітка, призначена для загального доступу
    Universal Decimal Classification     АБ - Абонемент НБ АБ - Абонемент НБ 09/11/2020 №29/06.11.2020 45.00 821.161.1(569.4) К90 163060 19/04/2022 45.00 09/11/2020 Книги Кулинская Е.